[Event "Belt and Road Hunan op-B"]
[Site "Changsha"]
[Date "2019.07.31"]
[Round "4"]
[White "Lim, Zhuo Ren"]
[Black "Xian, Junhao"]
[Result "1-0"]
[WhiteElo "2217"]
[BlackElo "2058"]
[PlyCount "69"]
[EventDate "2019.07.29"]
[EventType "swiss"]
[EventRounds "9"]
[EventCountry "CHN"]
[SourceTitle "EXT 2020"]
[Source "ChessBase"]
[SourceDate "2019.10.17"]
[SourceVersion "1"]
[SourceVersionDate "2019.10.17"]
[SourceQuality "1"]

1. Nf3 f5 2. c4 Nf6 3. g3 d6 4. d4 g6 5. Bg2 Bg7 6. 0-0 0-0 7. Nc3 c6 8. Qb3 h6 9. Rd1 Na6 10. Rb1 Rb8 11. Qa3 Ne4 12. Be3 Nxc3 13. Qxc3 Nc7 14. Qd2 Kh7 15. d5 c5 16. b4 cxb4 17. Qxb4 Na6 18. Qa3 Ra8 19. Nd4 Bxd4 20. Rxd4 b6 21. Rh4 h5 22. Bd2 Rf6 23. Bg5 Nc5 24. e4 fxe4 25. Bxe4 Bg4 26. Bxf6 Nxe4 27. Ba1 Nd2 28. Qc3 Nf3+ 29. Kg2 Nxh4+ 30. gxh4 Qf8 31. Re1 Rc8 32. f3 Bf5 33. Qd4 Rc7 34. Bb2 Qf6 35. Rxe7+ 1-0

[Event "Belt and Road Hunan op-B"]
[Site "Changsha"]
[Date "2019.07.30"]
[Round "2"]
[White "Ren, Xiaoyi"]
[Black "Xian, Junhao"]
[Result "1/2-1/2"]
[WhiteElo "2251"]
[BlackElo "2058"]
[PlyCount "107"]
[EventDate "2019.07.29"]
[EventType "swiss"]
[EventRounds "9"]
[EventCountry "CHN"]
[SourceTitle "EXT 2020"]
[Source "ChessBase"]
[SourceDate "2019.10.17"]
[SourceVersion "1"]
[SourceVersionDate "2019.10.17"]
[SourceQuality "1"]

1. d4 f5 2. e4 fxe4 3. Nc3 Nf6 4. Bg5 g6 5. Bxf6 exf6 6. Nxe4 d5 7. Ng3 Qe7+ 8. Qe2 Bh6 9. Qxe7+ Kxe7 10. Bd3 Nc6 11. c3 Nd8 12. h4 Nf7 13. h5 f5 14. Nf3 Kf6 15. Kd1 f4 16. hxg6 hxg6 17. Ne2 g5 18. Kc2 Bd7 19. b3 g4 20. Ne5 Nxe5 21. dxe5+ Kxe5 22. Rh5+ Kd6 23. Rah1 Bg7 24. Nxf4 c6 25. Rh7 Raf8 26. Rxh8 Bxh8 27. Ne2 Be5 28. Rf1 c5 29. f4 gxf3 30. gxf3 Bf4 31. Nxf4 Rxf4 32. Kd2 Bc6 33. Be2 d4 34. cxd4 cxd4 35. Rg1 Rh4 36. Rg4 Rxg4 37. fxg4 Ke5 38. Bd3 Kf4 39. Bf5 Bb5 40. a4 Bf1 41. b4 b6 42. a5 bxa5 43. bxa5 Bh3 44. Kd3 Bxg4 45. Bxg4 Kxg4 46. Kxd4 Kf5 47. Kd5 Kf6 48. Kc6 Ke6 49. Kb7 Kd7 50. Kxa7 Kc7 51. a6 Kc8 52. Kb6 Kb8 53. a7+ Ka8 54. Ka6 1/2-1/2

[Event "CHN-chT2"]
[Site "Jiangmen"]
[Date "2018.07.16"]
[Round "11.2"]
[White "Peng, Xiongjian"]
[Black "Xian, Junhao"]
[Result "1-0"]
[WhiteElo "2422"]
[BlackElo "1939"]
[PlyCount "79"]
[EventDate "2018.07.10"]
[EventType "team-swiss"]
[EventRounds "11"]
[EventCountry "CHN"]
[SourceTitle "EXT 2019"]
[Source "ChessBase"]
[SourceDate "2018.10.10"]
[SourceVersion "1"]
[SourceVersionDate "2018.10.10"]
[SourceQuality "1"]
[WhiteTeam "Chongqing Kowloon Kylin"]
[BlackTeam "Zhongshan"]
[WhiteTeamCountry "CHN"]
[BlackTeamCountry "CHN"]

1. Nf3 f5 2. d3 d5 3. Bg5 h6 4. Bf4 Nf6 5. Nc3 e6 6. e4 g5 7. Be5 Nbd7 8. exd5 Nxe5 9. Nxe5 exd5 10. Qe2 Qe7 11. 0-0-0 Bd7 12. h4 Rg8 13. hxg5 hxg5 14. d4 0-0-0 15. f3 Kb8 16. Re1 Qg7 17. Nxd7+ Qxd7 18. Qe5 Bg7 19. Bb5 Qc8 20. Qe7 f4 21. a4 c6 22. Bd3 Qc7 23. Qe6 Rdf8 24. Kb1 a5 25. Na2 Rh8 26. Nc1 Ne8 27. Nb3 b6 28. Rxh8 Rxh8 29. Qg6 Nf6 30. Re6 Rf8 31. Qxg5 Bh8 32. Qh6 Rg8 33. Bf5 Kb7 34. Bh3 Bg7 35. Qg5 Bh8 36. Qh4 Rf8 37. Nc1 c5 38. Nd3 cxd4 39. Qxf4 Qc4 40. Qd6 1-0